000 00292nam a22001097a 4500
005 20251008091955.0
008 251008b |||||||| |||| 00| 0 eng d
040 _cPK-LaNCA
082 _a720
_bKPF
245 _aKPF: selected works America - Europe - Asia (Box set of 3 volumes)
942 _cBK
999 _c66828
_d66828